| 000 | 00569nam a22002171c 4500 | ||
|---|---|---|---|
| 001 | a987693410 | ||
| 008 | 200316s2010 gw a||| 000u rus d | ||
| 020 |
_a9786175870105 _9978-617-587-010-5 |
||
| 041 | _arus | ||
| 100 | 1 | _aKopelev, Lev Zinov'evič | |
| 245 | 0 | 0 | _aI sotvoril sebe kumira |
| 264 |
_aKharkov : _bPrava ljudini, _c2010 |
||
| 300 | _a480 Seiten : Illustrationen | ||
| 600 | 0 | _aKopelev, Lev Zinov'evič | |
| 650 | 0 | _aStalinismus | |
| 651 | 0 | _aSowjetunion | |
| 655 | 0 | _aAutobiographie | |
| 942 | _cMG | ||
| 040 | _cRU-10907106 | ||
| 003 | RU-10907106 | ||
| 999 |
_c7843 _d7843 |
||